000 01581nam a2200373 a 4500
001 00260
003 DO-SdBNP
005 20180312100531.0
007 00260
008 100802s2004 dr 2004 000 0 spa d
020 _a9788482615295 (v. 1)
040 _aBPMSU
_bspa
_cBPMSU
082 0 4 _a372.6561
_bI37e 1ro. 2004
100 1 _aInchástegui, María Isabel
245 1 0 _aEspañol 1:
_beducación básica /
_cMaría Isabel Incháustegui ; dirección editorial Obdulia García de Escobar ; editor Manuel García Cartagena.
260 _aSanto Domingo :
_bSantillana,
_c2004.
300 _a224 p. :
_bil., retrs. ;
_c28 cm.
490 1 _aÁmbar
500 _aLa biblioteca posee solo la guía didáctica
505 _tEl bosque de los cuentos --
_tManicito --
_tLos tres osos --
_tEl león y el ratón --
_tEl gato con botas --
_tEl gigante egoísta --
_tNuestro mundo --
_tLa pintora Li-Chen --
_tEl agua de la vida --
_tEl castillo misterioso --
_tLa torre del rey --
_tEl dragón volador --
_tEl campesino y los chivos.
650 4 _aESPAÑOL
_xENSEÑANZA BÁSICA
650 4 _aESPAÑOL
_xEDUCACIÓN PRIMARIA
650 4 _aEDUCACIÓN PRIMARIA
_zREPÚBLICA DOMINICANA
650 4 _aESPAÑOL
_xLIBROS DE TEXTOS
650 4 _aESPAÑOL
_xESTUDIOS Y EJERCICIOS
650 4 _aEDUCACIÓN PRIMARIA
_zREPÚBLICA DOMINICANA
700 1 _aGarcía de Escobar, Obdulia,
_eed.
700 1 _aGarcía-Cartagena, Manuel,
_eed.
830 0 _aÁmbar
910 _aValidado. Control de calidad MFF
942 _2ddc
_cBK
945 _aRemanejado para la BNPHU / 2018 VM
956 _aBTavarez
999 _c9927
_d9927